Ako pomôcť študentom porozumieť prednášky v angličtine

Dotazníkový výskum na Ekonomickej univerzite v Bratislave zameraný na akademické počúvanie, zručnosti s akademickým počúvaním, porozumenie prednáškam a precvičovanie.

Guardado en:
Detalles Bibliográficos
Autor principal: Zsapková, Eleonóra
Otros Autores: Pašková, Hana
Formato: Capítulo de libro
Lenguaje:inglés
Materias:
Etiquetas: Agregar Etiqueta
Sin Etiquetas, Sea el primero en etiquetar este registro!

MARC

LEADER 00000naa$a2200000$$$4500
001 0051084
005 20240502083135.4
041 0 |a eng 
044 |a CZ 
245 1 0 |a Ako pomôcť študentom porozumieť prednášky v angličtine  |c Eleonóra Zsapková, Hana Pašková 
520 |a Dotazníkový výskum na Ekonomickej univerzite v Bratislave zameraný na akademické počúvanie, zručnosti s akademickým počúvaním, porozumenie prednáškam a precvičovanie. 
610 2 0 |a angličtina 
610 2 0 |a študenti 
610 2 0 |a prednášky 
610 2 0 |a výskum 
610 2 0 |a dotazníky 
610 2 0 |a Ekonomická univerzita v Bratislave 
100 1 |a Zsapková, Eleonóra 
700 1 |a Pašková, Hana